000 00612nam a22001697a 4500
005 20091029151315.0
008 091029t xxu||||| |||| 00| 0 eng d
020 _a0-471-85243-0
080 _a547.057
_bORG.6
100 _aNoland, Wayland E. [ed.]
_eed.by
_99193
245 _aOrganic syntheses:
_bcollective volume 6: a revised edition of annual volumes 50-59
260 _aNew York
_bJohn Wiley & Sons
_c2005
_99145
300 _axx, 1212p.
653 _aOrganic syntheses
942 _cREF
952 _w2009-10-29
_p00055787
_r2009-10-29
_40
_00
_bUL
_10
_o547.057 ORG.6
_d2009-10-29
_70
_2udc
_yREF
_aUL
999 _c9824
_d9823